[Event "Göteborg Open 2017"]
[Site "Mölnlycke kulturhus, Biblioteksgatan 2, Mölnlycke, Sweden"]
[Date "2017.08.19"]
[Round "6.8"]
[White "Ziegler, Nathalie"]
[Black "Cardenas, William"]
[Result "1-0"]
[BlackElo "2114"]
[WhiteElo "1841"]
[LiveChessVersion "1.4.8"]

1. e4 {[%clk 1:29:37]} c6 {[%clk 1:30:42]} 2. d4 {[%clk 1:29:03]} d5
{[%clk 1:31:06]} 3. exd5 {[%clk 1:29:27]} cxd5 {[%clk 1:31:34]} 4. c4
{[%clk 1:29:50]} Nf6 {[%clk 1:32:01]} 5. Nc3 {[%clk 1:30:14]} Nc6
{[%clk 1:32:29]} 6. Nf3 {[%clk 1:30:06]} Be6 {[%clk 1:32:47]} 7. c5
{[%clk 1:29:44]} g6 {[%clk 1:33:10]} 8. Be2 {[%clk 1:28:15]} Bg7 {[%clk 1:33:32]}
9. O-O {[%clk 1:28:15]} O-O {[%clk 1:33:40]} 10. Bf4 {[%clk 1:28:04]} Rc8
{[%clk 1:29:52]} 11. h3 {[%clk 1:23:45]} Ne4 {[%clk 1:26:08]} 12. Rc1
{[%clk 1:14:29]} f6 {[%clk 1:19:57]} 13. Qb3 {[%clk 1:13:08]} Nxc3
{[%clk 1:17:19]} 14. bxc3 {[%clk 1:10:20]} Na5 {[%clk 1:13:32]} 15. Qb4
{[%clk 1:09:07]} b6 {[%clk 1:04:17]} 16. cxb6 {[%clk 0:58:49]} axb6
{[%clk 1:03:32]} 17. Rfe1 {[%clk 0:58:11]} Bd7 {[%clk 0:55:06]} 18. Ba6
{[%clk 0:52:39]} Ra8 {[%clk 0:48:32]} 19. Bd3 {[%clk 0:52:57]} Nc6
{[%clk 0:34:20]} 20. Qb3 {[%clk 0:52:47]} Ra5 {[%clk 0:34:27]} 21. c4
{[%clk 0:45:12]} dxc4 {[%clk 0:22:53]} 22. Bxc4+ {[%clk 0:42:36]} Kh8
{[%clk 0:23:20]} 23. d5 {[%clk 0:39:47]} Ne5 {[%clk 0:23:32]} 24. Nxe5
{[%clk 0:39:03]} fxe5 {[%clk 0:21:06]} 25. Bxe5 {[%clk 0:39:22]} Bf6
{[%clk 0:17:28]} 26. Qe3 {[%clk 0:34:46]} Rc5 {[%clk 0:00:36]} 27. g4
{[%clk 0:22:31]} Kg8 {[%clk 0:00:35]} 28. g5 {[%clk 0:09:15]} Bxe5
{[%clk 0:00:38]} 29. Qxe5 {[%clk 0:09:43]} e6 {[%clk 0:00:34]} 30. h4
{[%clk 0:01:42]} Rf5 {[%clk 0:00:46]} 31. dxe6 {[%clk 0:01:19]} 1-0

[Event "Göteborg Open 2017"]
[Site "Mölnlycke kulturhus, Biblioteksgatan 2, Mölnlycke, Sweden"]
[Date "2017.08.19"]
[Round "6.9"]
[White "Torkkeli, Ted"]
[Black "Forsberg, Timmy"]
[Result "0-1"]
[BlackElo "2093"]
[WhiteElo "1767"]
[LiveChessVersion "1.4.8"]

1. e4 {[%clk 1:30:57]} c5 {[%clk 1:30:56]} 2. Nf3 {[%clk 1:31:24]} Nc6
{[%clk 1:31:21]} 3. Bb5 {[%clk 1:31:49]} g6 {[%clk 1:31:23]} 4. O-O
{[%clk 1:30:36]} Bg7 {[%clk 1:31:38]} 5. c3 {[%clk 1:30:44]} Nf6 {[%clk 1:29:56]}
6. Re1 {[%clk 1:29:22]} O-O {[%clk 1:29:29]} 7. d3 {[%clk 1:27:35]} d6
{[%clk 1:24:14]} 8. Be3 {[%clk 1:26:01]} Bd7 {[%clk 1:11:24]} 9. Ba4
{[%clk 1:22:03]} Rb8 {[%clk 1:03:05]} 10. Qc1 {[%clk 1:18:30]} Ng4
{[%clk 1:00:14]} 11. Bd2 {[%clk 1:17:42]} Nce5 {[%clk 0:50:54]} 12. Bc2
{[%clk 1:12:21]} Nxf3+ {[%clk 0:49:49]} 13. gxf3 {[%clk 1:12:43]} Ne5
{[%clk 0:49:35]} 14. Kg2 {[%clk 1:12:29]} Qc8 {[%clk 0:48:22]} 15. Bf4
{[%clk 1:06:07]} Bh3+ {[%clk 0:45:59]} 16. Kg3 {[%clk 1:05:16]} Nxf3
{[%clk 0:42:09]} 17. Kxf3 {[%clk 1:04:51]} Qg4+ {[%clk 0:42:30]} 18. Ke3
{[%clk 1:04:51]} e5 {[%clk 0:42:36]} 0-1

[Event "Göteborg Open 2017"]
[Site "Mölnlycke kulturhus, Biblioteksgatan 2, Mölnlycke, Sweden"]
[Date "2017.08.19"]
[Round "6.10"]
[White "Stenman, Christoffer"]
[Black "Hattab, Hashim"]
[Result "0-1"]
[BlackElo "1885"]
[WhiteElo "1934"]
[LiveChessVersion "1.4.8"]

1. e4 {[%clk 1:30:56]} d6 {[%clk 1:30:48]} 2. d4 {[%clk 1:31:11]} Nf6
{[%clk 1:31:12]} 3. Nc3 {[%clk 1:31:31]} g6 {[%clk 1:31:33]} 4. f4
{[%clk 1:31:35]} Bg7 {[%clk 1:31:54]} 5. Nf3 {[%clk 1:31:17]} O-O
{[%clk 1:32:16]} 6. h3 {[%clk 1:27:44]} c5 {[%clk 1:32:12]} 7. Be3
{[%clk 1:20:50]} cxd4 {[%clk 1:31:57]} 8. Nxd4 {[%clk 1:21:01]} Nc6
{[%clk 1:31:38]} 9. Qd2 {[%clk 1:18:14]} Bd7 {[%clk 1:30:12]} 10. Be2
{[%clk 1:16:31]} a6 {[%clk 1:30:11]} 11. a4 {[%clk 1:11:51]} e5 {[%clk 1:29:24]}
12. Nb3 {[%clk 1:07:01]} Nb4 {[%clk 1:24:39]} 13. fxe5 {[%clk 1:00:04]} dxe5
{[%clk 1:23:03]} 14. Bc5 {[%clk 0:58:35]} a5 {[%clk 1:22:27]} 15. Bxf8
{[%clk 0:49:59]} Qxf8 {[%clk 1:22:42]} 16. g4 {[%clk 0:41:26]} Bc6
{[%clk 1:22:49]} 17. Bf3 {[%clk 0:36:45]} Rd8 {[%clk 1:22:17]} 18. Qg2
{[%clk 0:35:16]} b6 {[%clk 1:19:53]} 19. O-O {[%clk 0:26:39]} Qe7
{[%clk 1:18:06]} 20. Rad1 {[%clk 0:25:48]} Re8 {[%clk 1:18:08]} 21. Nb5
{[%clk 0:21:33]} Bxb5 {[%clk 1:17:08]} 22. axb5 {[%clk 0:22:00]} a4
{[%clk 1:16:43]} 23. Nc1 {[%clk 0:20:19]} Qc5+ {[%clk 1:16:54]} 24. Kh1
{[%clk 0:20:05]} Qxb5 {[%clk 1:13:01]} 25. c3 {[%clk 0:20:02]} Nc6
{[%clk 1:12:28]} 26. g5 {[%clk 0:19:19]} Nh5 {[%clk 1:11:54]} 27. Bxh5
{[%clk 0:14:47]} gxh5 {[%clk 1:12:12]} 28. Rd7 {[%clk 0:11:44]} Ne7
{[%clk 1:11:54]} 29. Rfd1 {[%clk 0:10:50]} Ng6 {[%clk 1:11:49]} 30. Qe2
{[%clk 0:06:39]} Qc6 {[%clk 1:10:44]} 31. R1d6 {[%clk 0:04:03]} Qa8
{[%clk 1:08:58]} 32. Qc4 {[%clk 0:03:34]} Rf8 {[%clk 1:06:22]} 33. Rxb6
{[%clk 0:02:54]} a3 {[%clk 1:05:41]} 34. b4 {[%clk 0:01:33]} Qa4 {[%clk 1:05:07]}
35. Rd2 {[%clk 0:00:59]} Qa7 {[%clk 1:03:22]} 36. Qa6 {[%clk 0:00:37]} Qe7
{[%clk 1:03:07]} 37. Rg2 {[%clk 0:00:35]} Nf4 {[%clk 1:02:58]} 38. Rg3
{[%clk 0:00:41]} h4 {[%clk 1:02:03]} 39. Rg4 {[%clk 0:00:48]} Rd8
{[%clk 1:01:18]} 40. Rxf4 {[%clk 0:00:33]} exf4 {[%clk 1:01:01]} 41. Qe2
{[%clk 0:00:38]} Qxg5 {[%clk 1:00:14]} 42. Ra6 {[%clk 0:00:48]} f3
{[%clk 1:00:15]} 43. Qc2 {[%clk 0:00:32]} Rd1+ {[%clk 1:00:13]} 44. Qxd1
{[%clk 0:00:58]} Qg2# 0-1

[Event "Göteborg Open 2017"]
[Site "Mölnlycke kulturhus, Biblioteksgatan 2, Mölnlycke, Sweden"]
[Date "2017.08.20"]
[Round "7.2"]
[White "Antonsen, Mikkel"]
[Black "Gritsak, Orest"]
[Result "1-0"]
[BlackElo "2474"]
[WhiteElo "2440"]
[LiveChessVersion "1.4.8"]

1. d4 {[%clk 1:30:57]} d5 {[%clk 1:30:25]} 2. c4 {[%clk 1:31:20]} c6
{[%clk 1:30:48]} 3. Nf3 {[%clk 1:31:45]} Nf6 {[%clk 1:31:01]} 4. e3
{[%clk 1:32:10]} e6 {[%clk 1:31:17]} 5. Bd3 {[%clk 1:32:22]} dxc4
{[%clk 1:30:42]} 6. Bxc4 {[%clk 1:32:46]} c5 {[%clk 1:31:09]} 7. O-O
{[%clk 1:33:08]} cxd4 {[%clk 1:23:52]} 8. exd4 {[%clk 1:32:09]} Be7
{[%clk 1:18:06]} 9. Nc3 {[%clk 1:32:29]} O-O {[%clk 1:18:30]} 10. Re1
{[%clk 1:30:03]} Nbd7 {[%clk 1:15:58]} 11. Bb3 {[%clk 1:28:22]} Nb6
{[%clk 1:12:47]} 12. Ne5 {[%clk 1:21:06]} Re8 {[%clk 1:01:59]} 13. Bf4
{[%clk 1:16:17]} a6 {[%clk 0:48:52]} 14. Rc1 {[%clk 1:07:10]} h6 {[%clk 0:39:53]}
15. Qd3 {[%clk 1:02:58]} Bf8 {[%clk 0:37:59]} 16. Bc2 {[%clk 1:00:55]} Nbd7
{[%clk 0:28:12]} 17. Ng4 {[%clk 0:44:37]} h5 {[%clk 0:22:32]} 18. Nxf6+
{[%clk 0:40:27]} Nxf6 {[%clk 0:20:42]} 19. Bg5 {[%clk 0:40:29]} Be7
{[%clk 0:21:02]} 20. d5 {[%clk 0:39:40]} Kf8 {[%clk 0:20:52]} 21. d6
{[%clk 0:34:39]} Bxd6 {[%clk 0:19:18]} 22. Bxf6 {[%clk 0:33:53]} gxf6
{[%clk 0:19:41]} 23. Rcd1 {[%clk 0:33:55]} Bxh2+ {[%clk 0:16:54]} 24. Kxh2
{[%clk 0:34:16]} Qxd3 {[%clk 0:17:19]} 25. Bxd3 {[%clk 0:32:07]} f5
{[%clk 0:17:06]} 26. Be2 {[%clk 0:28:44]} Kg7 {[%clk 0:16:54]} 27. Na4
{[%clk 0:24:40]} b5 {[%clk 0:17:10]} 28. Nc5 {[%clk 0:25:03]} e5 {[%clk 0:13:47]}
29. Rd6 {[%clk 0:25:03]} h4 {[%clk 0:12:48]} 30. Red1 {[%clk 0:22:57]} Re7
{[%clk 0:07:58]} 31. Rc6 {[%clk 0:21:54]} Re8 {[%clk 0:06:29]} 32. Rc7
{[%clk 0:22:05]} Rb8 {[%clk 0:05:33]} 33. Rd6 {[%clk 0:21:14]} a5
{[%clk 0:05:50]} 34. Bh5 {[%clk 0:18:54]} Rf8 {[%clk 0:06:14]} 35. Rg6+
{[%clk 0:17:40]} Kh8 {[%clk 0:05:58]} 36. Rf6 {[%clk 0:17:59]} Kg7
{[%clk 0:05:19]} 37. Rfxf7+ {[%clk 0:17:43]} Rxf7 {[%clk 0:05:43]} 38. Rxf7+
{[%clk 0:18:00]} Kh6 {[%clk 0:06:06]} 39. Be2 {[%clk 0:18:19]} Rb6
{[%clk 0:06:10]} 40. Rc7 {[%clk 0:18:23]} Rb8 {[%clk 0:06:35]} 41. Re7
{[%clk 0:16:08]} 1-0

[Event "Göteborg Open 2017"]
[Site "Mölnlycke kulturhus, Biblioteksgatan 2, Mölnlycke, Sweden"]
[Date "2017.08.20"]
[Round "7.3"]
[White "Rydström, Tom"]
[Black "Nilsson, Joakim"]
[Result "1-0"]
[BlackElo "2126"]
[WhiteElo "2301"]
[LiveChessVersion "1.4.8"]

1. e4 {[%clk 1:30:40]} c5 {[%clk 1:30:53]} 2. Nf3 {[%clk 1:31:04]} Nc6
{[%clk 1:31:18]} 3. d4 {[%clk 1:31:26]} cxd4 {[%clk 1:31:42]} 4. Nxd4
{[%clk 1:31:52]} e6 {[%clk 1:31:17]} 5. Nc3 {[%clk 1:28:45]} Qc7 {[%clk 1:31:02]}
6. g3 {[%clk 1:28:08]} a6 {[%clk 1:31:09]} 7. Bg2 {[%clk 1:28:31]} Nf6
{[%clk 1:31:21]} 8. O-O {[%clk 1:28:55]} Be7 {[%clk 1:29:55]} 9. Be3
{[%clk 1:28:53]} O-O {[%clk 1:26:51]} 10. f4 {[%clk 1:28:04]} d6 {[%clk 1:20:41]}
11. Nb3 {[%clk 1:27:58]} b5 {[%clk 1:02:52]} 12. a3 {[%clk 1:28:03]} Bb7
{[%clk 1:03:14]} 13. g4 {[%clk 1:28:00]} Rfe8 {[%clk 0:53:14]} 14. g5
{[%clk 1:26:44]} Nd7 {[%clk 0:51:16]} 15. Rf3 {[%clk 1:26:49]} Rac8
{[%clk 0:38:20]} 16. Qe2 {[%clk 1:19:50]} Na5 {[%clk 0:33:10]} 17. Nxa5
{[%clk 1:17:19]} Qxa5 {[%clk 0:33:35]} 18. Raf1 {[%clk 1:05:22]} Rxc3
{[%clk 0:24:59]} 19. bxc3 {[%clk 1:05:35]} Bxe4 {[%clk 0:25:21]} 20. Rg3
{[%clk 1:05:43]} Bf5 {[%clk 0:20:21]} 21. Bd4 {[%clk 1:05:33]} d5
{[%clk 0:16:05]} 22. Bh3 {[%clk 1:05:17]} Be4 {[%clk 0:14:09]} 23. f5
{[%clk 1:03:14]} Bd6 {[%clk 0:10:42]} 24. fxe6 {[%clk 1:02:06]} fxe6
{[%clk 0:11:02]} 25. Re3 {[%clk 1:00:58]} Qd8 {[%clk 0:09:18]} 26. Rxe4
{[%clk 0:59:20]} dxe4 {[%clk 0:09:38]} 27. Qh5 {[%clk 0:54:10]} Be5
{[%clk 0:03:17]} 28. Bxe6+ {[%clk 0:47:44]} Rxe6 {[%clk 0:01:21]} 29. Qf7+
{[%clk 0:48:11]} Kh8 {[%clk 0:01:43]} 30. Qxe6 {[%clk 0:48:40]} Bxd4+
{[%clk 0:01:33]} 31. cxd4 {[%clk 0:49:04]} Qxg5+ {[%clk 0:01:40]} 32. Kh1
{[%clk 0:49:25]} Nf6 {[%clk 0:01:41]} 33. Qe8+ {[%clk 0:49:03]} Ng8
{[%clk 0:02:04]} 34. Qxe4 {[%clk 0:49:31]} h5 {[%clk 0:02:20]} 35. Qf5
{[%clk 0:49:29]} Qh4 {[%clk 0:02:41]} 36. Qf4 {[%clk 0:48:48]} Qd8
{[%clk 0:02:48]} 37. Qe5 {[%clk 0:47:17]} Nf6 {[%clk 0:02:57]} 38. d5
{[%clk 0:45:05]} Qb6 {[%clk 0:01:41]} 39. Qf5 {[%clk 0:38:45]} Qc5
{[%clk 0:01:48]} 40. Rd1 {[%clk 0:38:41]} a5 {[%clk 0:01:32]} 41. h3
{[%clk 0:37:45]} a4 {[%clk 0:01:42]} 42. Qd3 {[%clk 0:35:17]} Qd6
{[%clk 0:00:44]} 43. Qxb5 {[%clk 0:32:41]} Qxa3 {[%clk 0:01:08]} 44. Qd3
{[%clk 0:33:01]} Qd6 {[%clk 0:01:22]} 45. c4 {[%clk 0:32:42]} Qf4
{[%clk 0:00:45]} 46. d6 {[%clk 0:30:00]} Ne4 {[%clk 0:00:57]} 47. d7
{[%clk 0:30:29]} Nf2+ {[%clk 0:00:39]} 48. Kg2 {[%clk 0:30:47]} Nxd3
{[%clk 0:00:31]} 49. d8=Q+ {[%clk 0:31:11]} 1-0

[Event "Göteborg Open 2017"]
[Site "Mölnlycke kulturhus, Biblioteksgatan 2, Mölnlycke, Sweden"]
[Date "2017.08.20"]
[Round "7.4"]
[White "Rosberg, Simon"]
[Black "Åkesson, Joel"]
[Result "1/2-1/2"]
[BlackElo "2296"]
[WhiteElo "2318"]
[LiveChessVersion "1.4.8"]

1. c4 {[%clk 1:30:57]} c5 {[%clk 1:30:40]} 2. g3 {[%clk 1:31:20]} g6
{[%clk 1:31:03]} 3. Bg2 {[%clk 1:31:47]} Bg7 {[%clk 1:31:26]} 4. Nc3
{[%clk 1:32:14]} Nc6 {[%clk 1:28:19]} 5. a3 {[%clk 1:32:39]} d6 {[%clk 1:25:46]}
6. Rb1 {[%clk 1:29:43]} a5 {[%clk 1:25:05]} 7. d3 {[%clk 1:25:56]} e5
{[%clk 1:19:22]} 8. Nf3 {[%clk 1:26:21]} Nge7 {[%clk 1:19:46]} 9. O-O
{[%clk 1:26:48]} O-O {[%clk 1:19:14]} 10. Bg5 {[%clk 1:26:47]} f6
{[%clk 1:18:03]} 11. Bd2 {[%clk 1:27:15]} Be6 {[%clk 1:09:35]} 12. Ne1
{[%clk 1:25:47]} d5 {[%clk 0:56:36]} 13. cxd5 {[%clk 1:26:06]} Nxd5
{[%clk 0:57:00]} 14. Nc2 {[%clk 1:26:29]} a4 {[%clk 0:49:52]} 15. Ne3
{[%clk 1:16:05]} Nb6 {[%clk 0:44:21]} 16. Bxc6 {[%clk 1:10:50]} bxc6
{[%clk 0:44:03]} 17. Ne4 {[%clk 1:11:18]} Nd7 {[%clk 0:35:29]} 18. Rc1
{[%clk 0:48:07]} Bb3 {[%clk 0:31:00]} 19. Qe1 {[%clk 0:47:48]} Qb6
{[%clk 0:28:37]} 20. Nd6 {[%clk 0:31:17]} Rfb8 {[%clk 0:26:14]} 21. Ndc4
{[%clk 0:30:13]} Qc7 {[%clk 0:25:26]} 22. Ba5 {[%clk 0:28:19]} Qa7
{[%clk 0:25:28]} 23. Bc3 {[%clk 0:28:36]} Qc7 {[%clk 0:24:31]} 24. f4
{[%clk 0:28:08]} f5 {[%clk 0:23:45]} 25. Qf2 {[%clk 0:17:30]} exf4
{[%clk 0:20:10]} 26. gxf4 {[%clk 0:17:34]} Bd4 {[%clk 0:19:21]} 27. Nd2
{[%clk 0:15:19]} Re8 {[%clk 0:14:23]} 28. Bxd4 {[%clk 0:15:42]} cxd4
{[%clk 0:14:48]} 29. Nc2 {[%clk 0:14:34]} Bxc2 {[%clk 0:13:17]} 30. Rxc2
{[%clk 0:14:58]} Qd6 {[%clk 0:13:08]} 31. Nc4 {[%clk 0:06:32]} Qd5
{[%clk 0:12:48]} 32. Qh4 {[%clk 0:06:59]} Re6 {[%clk 0:12:13]} 33. Rf3
{[%clk 0:07:00]} Rae8 {[%clk 0:11:06]} 34. Rh3 {[%clk 0:06:13]} R8e7
{[%clk 0:10:53]} 35. Qf2 {[%clk 0:04:44]} 1/2-1/2

[Event "Göteborg Open 2017"]
[Site "Mölnlycke kulturhus, Biblioteksgatan 2, Mölnlycke, Sweden"]
[Date "2017.08.20"]
[Round "7.5"]
[White "Hattab, Hashim"]
[Black "Ziegler, Ari"]
[Result "0-1"]
[BlackElo "2318"]
[WhiteElo "1885"]
[LiveChessVersion "1.4.8"]

1. d4 {[%clk 1:25:54]} g6 {[%clk 1:30:49]} 2. e4 {[%clk 1:26:15]} Bg7
{[%clk 1:31:13]} 3. Nf3 {[%clk 1:26:17]} d6 {[%clk 1:31:33]} 4. h3
{[%clk 1:26:33]} Nf6 {[%clk 1:31:54]} 5. Nc3 {[%clk 1:26:52]} c6 {[%clk 1:32:10]}
6. a4 {[%clk 1:27:06]} O-O {[%clk 1:32:31]} 7. Be3 {[%clk 1:26:57]} Nbd7
{[%clk 1:31:25]} 8. Be2 {[%clk 1:26:51]} e5 {[%clk 1:31:39]} 9. dxe5
{[%clk 1:26:50]} dxe5 {[%clk 1:31:48]} 10. Qd6 {[%clk 1:26:39]} Re8
{[%clk 1:29:25]} 11. O-O {[%clk 1:22:41]} Bf8 {[%clk 1:29:07]} 12. Qd2
{[%clk 1:22:32]} Bb4 {[%clk 1:28:50]} 13. Qd3 {[%clk 1:14:08]} Qe7
{[%clk 1:28:01]} 14. a5 {[%clk 1:12:39]} Bxc3 {[%clk 1:18:50]} 15. bxc3
{[%clk 1:11:05]} Nc5 {[%clk 1:19:03]} 16. Bxc5 {[%clk 0:51:30]} Qxc5
{[%clk 1:18:47]} 17. Rfb1 {[%clk 0:50:28]} h6 {[%clk 1:08:51]} 18. Nh4
{[%clk 0:45:40]} Kg7 {[%clk 1:07:25]} 19. Rb3 {[%clk 0:44:45]} Qe7
{[%clk 1:02:19]} 20. Rab1 {[%clk 0:42:59]} Nd7 {[%clk 1:01:35]} 21. Qg3
{[%clk 0:42:17]} Nc5 {[%clk 1:01:02]} 22. Rb4 {[%clk 0:41:37]} Kh7
{[%clk 1:00:04]} 23. Nf3 {[%clk 0:39:11]} b5 {[%clk 0:40:11]} 24. axb6
{[%clk 0:37:58]} axb6 {[%clk 0:40:33]} 25. Bd3 {[%clk 0:36:01]} b5
{[%clk 0:40:10]} 26. c4 {[%clk 0:34:49]} Ra4 {[%clk 0:40:08]} 27. Rxa4
{[%clk 0:33:13]} bxa4 {[%clk 0:39:18]} 28. h4 {[%clk 0:32:33]} Bd7
{[%clk 0:37:23]} 29. h5 {[%clk 0:32:40]} g5 {[%clk 0:36:48]} 30. Nd2
{[%clk 0:32:14]} Qd6 {[%clk 0:32:14]} 31. Qe3 {[%clk 0:28:42]} Bg4
{[%clk 0:24:59]} 32. f3 {[%clk 0:28:08]} Bxh5 {[%clk 0:24:37]} 33. g4
{[%clk 0:28:04]} Bg6 {[%clk 0:25:01]} 34. Ra1 {[%clk 0:27:46]} Rd8
{[%clk 0:25:03]} 35. Nb1 {[%clk 0:25:26]} Nxd3 {[%clk 0:23:58]} 36. cxd3
{[%clk 0:25:40]} Qxd3 {[%clk 0:24:21]} 37. Qxd3 {[%clk 0:25:52]} Rxd3
{[%clk 0:24:45]} 38. Kf2 {[%clk 0:26:11]} Rd1 {[%clk 0:25:07]} 39. Ke2
{[%clk 0:25:10]} Rh1 {[%clk 0:25:29]} 40. Kd3 {[%clk 0:23:35]} h5
{[%clk 0:25:48]} 41. Rxa4 {[%clk 0:21:24]} Rxb1 {[%clk 0:24:51]} 42. Ra6
{[%clk 0:21:51]} h4 {[%clk 0:25:08]} 0-1

[Event "Göteborg Open 2017"]
[Site "Mölnlycke kulturhus, Biblioteksgatan 2, Mölnlycke, Sweden"]
[Date "2017.08.20"]
[Round "7.6"]
[White "Forsberg, Timmy"]
[Black "Ziegler, Nathalie"]
[Result "1-0"]
[BlackElo "1841"]
[WhiteElo "2093"]
[LiveChessVersion "1.4.8"]

1. d4 {[%clk 1:30:57]} g6 {[%clk 1:29:56]} 2. c4 {[%clk 1:29:46]} Bg7
{[%clk 1:30:21]} 3. e4 {[%clk 1:28:38]} d6 {[%clk 1:30:40]} 4. Nc3
{[%clk 1:27:48]} Nc6 {[%clk 1:28:36]} 5. Nge2 {[%clk 1:26:32]} Nf6
{[%clk 1:27:55]} 6. f3 {[%clk 1:25:58]} O-O {[%clk 1:27:59]} 7. Be3
{[%clk 1:26:06]} e5 {[%clk 1:26:47]} 8. d5 {[%clk 1:26:00]} Ne7 {[%clk 1:27:14]}
9. g4 {[%clk 1:13:11]} c6 {[%clk 1:22:22]} 10. Ng3 {[%clk 1:09:30]} cxd5
{[%clk 1:19:26]} 11. cxd5 {[%clk 1:09:24]} Bd7 {[%clk 1:14:30]} 12. Qd2
{[%clk 1:01:42]} a6 {[%clk 1:08:23]} 13. a4 {[%clk 0:55:11]} b6 {[%clk 1:01:07]}
14. Bd3 {[%clk 0:48:16]} Qc7 {[%clk 0:58:19]} 15. O-O {[%clk 0:44:48]} Qb7
{[%clk 0:57:01]} 16. Ra3 {[%clk 0:36:52]} Nc8 {[%clk 0:50:42]} 17. Qe2
{[%clk 0:32:49]} Be8 {[%clk 0:46:45]} 18. Rb1 {[%clk 0:26:31]} Nd7
{[%clk 0:41:35]} 19. b4 {[%clk 0:26:50]} Nb8 {[%clk 0:40:16]} 20. Nf1
{[%clk 0:21:07]} Qe7 {[%clk 0:36:36]} 21. Nd2 {[%clk 0:20:48]} Qh4
{[%clk 0:35:06]} 22. Nc4 {[%clk 0:18:29]} Nd7 {[%clk 0:34:51]} 23. Nd2
{[%clk 0:16:00]} Nb8 {[%clk 0:35:13]} 24. Nd1 {[%clk 0:14:25]} Bh6
{[%clk 0:32:33]} 25. Bf2 {[%clk 0:14:36]} Qe7 {[%clk 0:31:35]} 26. Rc1
{[%clk 0:12:58]} Bd7 {[%clk 0:27:35]} 27. Be3 {[%clk 0:10:40]} Bg5
{[%clk 0:22:47]} 28. a5 {[%clk 0:09:02]} b5 {[%clk 0:20:02]} 29. Rc7
{[%clk 0:08:29]} Qf6 {[%clk 0:20:01]} 30. Rac3 {[%clk 0:08:08]} Bf4
{[%clk 0:18:47]} 31. Rb7 {[%clk 0:06:19]} h5 {[%clk 0:16:21]} 32. Rcc7
{[%clk 0:03:38]} Rd8 {[%clk 0:14:40]} 33. Bxf4 {[%clk 0:02:10]} Qxf4
{[%clk 0:14:46]} 34. Qe3 {[%clk 0:01:42]} hxg4 {[%clk 0:12:04]} 35. Qxf4
{[%clk 0:02:09]} exf4 {[%clk 0:12:33]} 36. fxg4 {[%clk 0:02:19]} Bxg4
{[%clk 0:12:56]} 37. Nf2 {[%clk 0:02:35]} Bd7 {[%clk 0:12:53]} 38. Nf3
{[%clk 0:01:57]} f6 {[%clk 0:08:53]} 39. Nd4 {[%clk 0:01:39]} Ne7
{[%clk 0:04:38]} 40. Ne6 {[%clk 0:01:27]} Bxe6 {[%clk 0:02:38]} 41. dxe6
{[%clk 0:01:54]} Nec6 {[%clk 0:02:02]} 42. Rg7+ {[%clk 0:01:58]} Kh8
{[%clk 0:02:12]} 43. Rh7+ {[%clk 0:01:49]} Kg8 {[%clk 0:02:33]} 44. Rbg7+
{[%clk 0:02:04]} Kf8 {[%clk 0:01:50]} 45. Rf7+ {[%clk 0:02:24]} 1-0

[Event "Göteborg Open 2017"]
[Site "Mölnlycke kulturhus, Biblioteksgatan 2, Mölnlycke, Sweden"]
[Date "2017.08.20"]
[Round "7.7"]
[White "Troedsson, Anton"]
[Black "Troberg Eskola, Love"]
[Result "1-0"]
[BlackElo "2016"]
[WhiteElo "1650"]
[LiveChessVersion "1.4.8"]

1. Nf3 {[%clk 1:26:05]} f5 {[%clk 1:30:51]} 2. b3 {[%clk 1:26:26]} d6
{[%clk 1:31:15]} 3. d4 {[%clk 1:26:53]} g6 {[%clk 1:31:37]} 4. Bb2
{[%clk 1:26:47]} Nf6 {[%clk 1:31:58]} 5. g3 {[%clk 1:26:35]} Bg7 {[%clk 1:32:23]}
6. Bg2 {[%clk 1:26:58]} O-O {[%clk 1:32:40]} 7. O-O {[%clk 1:26:02]} Ne4
{[%clk 1:30:33]} 8. c4 {[%clk 1:21:01]} e6 {[%clk 1:29:09]} 9. Nc3
{[%clk 1:19:41]} d5 {[%clk 1:27:52]} 10. e3 {[%clk 1:18:29]} c6 {[%clk 1:26:56]}
11. Ne2 {[%clk 1:17:55]} g5 {[%clk 1:23:35]} 12. Ne1 {[%clk 1:10:13]} Nd7
{[%clk 1:20:23]} 13. f3 {[%clk 1:08:42]} Nd6 {[%clk 1:17:45]} 14. Rc1
{[%clk 1:04:05]} a5 {[%clk 1:06:28]} 15. Nd3 {[%clk 1:03:40]} Nf6
{[%clk 0:58:59]} 16. Ne5 {[%clk 0:57:48]} Nf7 {[%clk 0:57:15]} 17. f4
{[%clk 0:50:29]} Nxe5 {[%clk 0:49:07]} 18. dxe5 {[%clk 0:50:48]} Ne4
{[%clk 0:48:26]} 19. cxd5 {[%clk 0:50:24]} cxd5 {[%clk 0:46:56]} 20. a4
{[%clk 0:49:19]} Bd7 {[%clk 0:45:34]} 21. Ba3 {[%clk 0:48:53]} Re8
{[%clk 0:44:48]} 22. Nd4 {[%clk 0:48:34]} Qb6 {[%clk 0:42:42]} 23. Bxe4
{[%clk 0:47:52]} dxe4 {[%clk 0:40:44]} 24. Bc5 {[%clk 0:47:32]} Qd8
{[%clk 0:39:52]} 25. Rf2 {[%clk 0:42:50]} gxf4 {[%clk 0:35:51]} 26. gxf4
{[%clk 0:42:33]} Rc8 {[%clk 0:25:02]} 27. Rd2 {[%clk 0:42:30]} Bf8
{[%clk 0:22:33]} 28. Bxf8 {[%clk 0:27:28]} Rxc1 {[%clk 0:22:59]} 29. Qxc1
{[%clk 0:27:50]} Kxf8 {[%clk 0:22:42]} 30. Qd1 {[%clk 0:24:24]} Re7
{[%clk 0:22:22]} 31. Nxe6+ {[%clk 0:24:37]} Rxe6 {[%clk 0:22:27]} 32. Rxd7
{[%clk 0:24:59]} Rg6+ {[%clk 0:22:41]} 33. Kh1 {[%clk 0:23:39]} Qh4
{[%clk 0:21:57]} 34. Qc1 {[%clk 0:21:14]} Rc6 {[%clk 0:21:57]} 35. Qd2
{[%clk 0:21:33]} Qh3 {[%clk 0:17:32]} 36. Rd8+ {[%clk 0:13:06]} Kf7
{[%clk 0:17:40]} 37. Qd7+ {[%clk 0:12:04]} Kg6 {[%clk 0:17:54]} 38. Rg8+
{[%clk 0:12:29]} Kh5 {[%clk 0:17:41]} 39. Qxh7+ {[%clk 0:12:39]} Rh6
{[%clk 0:18:04]} 40. Rg5+ {[%clk 0:13:02]} 1-0

[Event "Göteborg Open 2017"]
[Site "Mölnlycke kulturhus, Biblioteksgatan 2, Mölnlycke, Sweden"]
[Date "2017.08.20"]
[Round "7.8"]
[White "Eriksson, Kristian"]
[Black "Ottgård, Andreas"]
[Result "1-0"]
[BlackElo "1810"]
[WhiteElo "2085"]
[LiveChessVersion "1.4.8"]

1. e4 {[%clk 1:30:55]} e6 {[%clk 1:25:51]} 2. d4 {[%clk 1:30:53]} d5
{[%clk 1:26:13]} 3. Nc3 {[%clk 1:30:49]} Bb4 {[%clk 1:26:35]} 4. e5
{[%clk 1:30:33]} c5 {[%clk 1:26:57]} 5. Bd2 {[%clk 1:30:31]} Ne7 {[%clk 1:26:44]}
6. Nb5 {[%clk 1:30:17]} Bxd2+ {[%clk 1:26:51]} 7. Qxd2 {[%clk 1:30:44]} O-O
{[%clk 1:26:50]} 8. f4 {[%clk 1:30:22]} a6 {[%clk 1:23:16]} 9. Nd6
{[%clk 1:29:48]} cxd4 {[%clk 1:23:29]} 10. Nf3 {[%clk 1:29:26]} Nbc6
{[%clk 1:15:44]} 11. Bd3 {[%clk 1:26:27]} f6 {[%clk 1:12:52]} 12. O-O
{[%clk 1:25:11]} fxe5 {[%clk 1:06:00]} 13. fxe5 {[%clk 1:24:49]} Rxf3
{[%clk 0:48:49]} 14. Rxf3 {[%clk 1:24:22]} Nxe5 {[%clk 0:48:41]} 15. Qf4
{[%clk 1:24:32]} Nxf3+ {[%clk 0:48:04]} 16. gxf3 {[%clk 1:24:55]} Qf8
{[%clk 0:41:49]} 17. Bxh7+ {[%clk 1:24:50]} 1-0